NBA Top 50 players (2025-2026 season) - Statistics

General Stats
  • This quiz has been taken 6 times
  • The average score is 30 of 50
Answer Stats
Position Players % Correct
C Nikola Jokic
100%
PG/SG Jamal Murray
83%
SF/PF Jimmy Butler
83%
SF/PF LeBron James
83%
PG/SG Luka Doncic
83%
PG/SG Shai Gilgeous-Alexander
83%
PG Stephen Curry
83%
PF/C Aaron Gordon
67%
SF/PG Amen Thompson
67%
PF/C Anthony Davis
67%
SG Anthony Edwards
67%
PG/SG Cade Cunningham
67%
PF/C Chet Holmgren
67%
PG Darius Garland
67%
PG/SG De'Aaron Fox
67%
PG/SG Devin Booker
67%
C Domantas Sabonis
67%
PF/C Draymond Green
67%
PF/C Giannis Antetokounmpo
67%
PG Jalen Brunson
67%
SF/PF Jalen Williams
67%
SF/PF Jaylen Brown
67%
PF/C Karl-Anthony Towns
67%
SF/PF Kawhi Leonard
67%
SF/PF Kevin Durant
67%
C Rudy Gobert
67%
SG/PF Scottie Barnes
67%
C/PF Victor Wembanyama
67%
PF/C Zion Williamson
67%
C Alperen Sengun
50%
C/PF Bam Adebayo
50%
SG/PG Derrick White
50%
PG/SG Donovan Mitchell
50%
PF/C Evan Mobley
50%
SF/PF Jalen Johnson
50%
PG/SG James Harden
50%
C/PF Joel Embiid
50%
PF/C Julius Randle
50%
SF/PF OG Anunoby
50%
PF/SF Paolo Banchero
50%
SF/PF Paul George
50%
PG Trae Young
50%
PG/SG Tyrese Maxey
50%
SG/PG Desmond Bane
33%
SF/PF Franz Wagner
33%
PG Ja Morant
33%
PF/C Jaren Jackson Jr.
33%
PF/C Lauri Markkanen
33%
PF/C Pascal Siakam
33%
C Ivica Zubac
17%
No matching quizzes found
Score Distribution
Percent of People with Each Score
Percentile by Number Answered
Your Score History
You have not taken this quiz